000 00568nam a22001577a 4500
999 _c1691
_d1691
008 160412b xxu||||| |||| 00| 0 eng d
020 _a978-971-725-140-0
082 _22007
_aDFil 499.2118
_bSa5m
100 _95345
_aSan Juan, Gloria P.
245 _aMasining na pagpapahayag reorika (pangkolehiyo):
_bFilipino 3/
_cGloria P. San Juan [and 9 others].
260 _aMakati City:
_bGrandwater Publications and Research Corp.,
_cc2007.
300 _aix, 354 pages;
_c21 cm.
500 _aIncludes index.
650 0 _95346
_aFilipino language
_xRhetoric.
942 _2ddc
_cDFIL